zpět

Detail výsledku týmu

Trojka, Brno

Datum a čas kvízu

37.5 Celkem bodů Celkový počet nahraných bodů na tomto kvízu bez doplňovacích otázek.
6. Pořadí na kvízu Konečné umístění týmu na tomto kvízu.

Zaznamenané odpovědi

# Otázka Odpověď Body Výsledky
1. Sněmovna schválila minulý týde... tři přihlášky 1
2. Jeden bývalý evropský premiér... Boris Johnson 1
3. Ve čtvrtek měl v Hudebním diva... Anděl Páně 1
4. Která dvě křestní jména (jedno... Eliška, Jakub 0.5
5. Které dvě země se utkaly v sob... Jihoafrická republika, Nový Zéland 0
6. Naše téma nezačneme v kurníku,... Fabergého vejce 1
7. Barvíte velikonoční vajíčka? T... 1B 2C 3D 4A 1
8. Která z vajec na obrázku snesl... B 1
9. Ze kterého animovaného filmu z... ze Slepičího úletu 0
10. Vyberte nepravdivé tvrzení. C 1